• 首页
  • 本馆介绍
  • 公告通知
  • 最新文献
  • 馆藏检索
  • 电子资源
  • 读者导购
  • 参考咨询
  • 我的图书馆
  • 登录
  • 详细信息显示
  • 放入我的书架
  • 预约/预借图书
  • 作者相关作品
  • 分类相关作品
  • 丛书相关作品
  • 出版社相关作品

书目信息

  • 表格格式
  • 工作单格式
  • 卡片格式
题名:
黄粉虫养殖与利用
    
 
作者: 陈重光 , 陈荣 , 陈彤 著
分册:  
出版信息: 北京   金盾出版社  2012
页数: 114页
开本: 21cm
丛书名:
单 册:
中图分类: S899.9
科图分类:
主题词: 黄粉虫--养殖 , 黄粉虫
电子资源:
ISBN: 978-7-5082-7276-4
000 00909nam0 2200289 450
001 2339107565
005 20231224105536.73
010    @a978-7-5082-7276-4@dCNY 9.00
090    @aS89@bccg
096    @aS89@bccg
100    @a20120517d2012 em y0chiy0120 ea
101 0  @achi
102    @aCN@b110000
105    @aa z 000yy
200 1  @a黄粉虫养殖与利用@b专著@f陈重光,陈荣,陈彤著@Ahuang fen chong yang zhi yu li yong
205    @a3版
210    @a北京@c金盾出版社@d2012
215    @a114页@c图@d21cm
330    @a本书内容包括:黄粉虫的营养价值及国内外开发利用情况、黄粉虫的形态特征与生物学特征,黄粉虫的人工养殖,黄粉虫的利用与开发,养殖户问答。
606 0  @a黄粉虫@x养殖
606 0  @a黄粉虫
690    @aS899.9@v5
701  0 @a陈重光@4著@Achen chong guang
701  0 @a陈荣@4著@Achen rong
701  0 @a陈彤@4著@Achen tong
801  2 @aCN@b辽宁北配@c20231205
905    @aBZT@dS899.9@e36=3
    
    黄粉虫养殖与利用/陈重光,陈荣,陈彤著.-3版.-北京:金盾出版社,2012
    114页:图;21cm
    
    
    ISBN 978-7-5082-7276-4:CNY 9.00
    本书内容包括:黄粉虫的营养价值及国内外开发利用情况、黄粉虫的形态特征与生物学特征,黄粉虫的人工养殖,黄粉虫的利用与开发,养殖户问答。
●
相关链接 在五车中查询图书 在当当中查询图书 在豆瓣中查询图书


正题名:黄粉虫养殖与利用     索取号:S899.9/36=3         预约/预借

序号 登录号 条形码 馆藏地/架位号 状态 备注
1 2001693013   2001693013   辽三/辽宁北配(第三批)/3818/ [索取号:S899.9/36=3] 在馆    
2 2001693014   2001693014   辽三/辽宁北配(第三批)/3818/ [索取号:S899.9/36=3] 在馆    
3 2001693015   2001693015   辽三/辽宁北配(第三批)/3818/ [索取号:S899.9/36=3] 在馆    
4 2001693016   2001693016   辽三/辽宁北配(第三批)/3818/ [索取号:S899.9/36=3] 在馆    
5 2001693017   2001693017   辽三/辽宁北配(第三批)/3818/ [索取号:S899.9/36=3] 在馆    
6 2001693018   2001693018   辽三/辽宁北配(第三批)/3818/ [索取号:S899.9/36=3] 在馆    
7 2001693019   2001693019   辽三/辽宁北配(第三批)/3818/ [索取号:S899.9/36=3] 在馆    
8 2001693020   2001693020   辽三/辽宁北配(第三批)/3818/ [索取号:S899.9/36=3] 在馆    
9 2001693021   2001693021   辽三/辽宁北配(第三批)/3818/ [索取号:S899.9/36=3] 在馆    
10 2001693022   2001693022   辽三/辽宁北配(第三批)/3818/ [索取号:S899.9/36=3] 在馆    
11 2001693023   2001693023   辽三/辽宁北配(第三批)/3818/ [索取号:S899.9/36=3] 在馆    
12 2001693024   2001693024   辽三/辽宁北配(第三批)/3818/ [索取号:S899.9/36=3] 在馆    
13 2001693025   2001693025   辽三/辽宁北配(第三批)/3818/ [索取号:S899.9/36=3] 在馆    
14 2001693026   2001693026   辽三/辽宁北配(第三批)/3818/ [索取号:S899.9/36=3] 在馆    
15 2001693027   2001693027   辽三/辽宁北配(第三批)/3818/ [索取号:S899.9/36=3] 在馆    
16 2001693028   2001693028   辽三/辽宁北配(第三批)/3818/ [索取号:S899.9/36=3] 在馆    
17 2001693029   2001693029   辽三/辽宁北配(第三批)/3818/ [索取号:S899.9/36=3] 在馆    
18 2001693030   2001693030   辽三/辽宁北配(第三批)/3818/ [索取号:S899.9/36=3] 在馆    
19 2001693031   2001693031   辽三/辽宁北配(第三批)/3818/ [索取号:S899.9/36=3] 在馆    
20 2001693032   2001693032   辽三/辽宁北配(第三批)/3818/ [索取号:S899.9/36=3] 在馆    
21 2001693033   2001693033   辽三/辽宁北配(第三批)/3818/ [索取号:S899.9/36=3] 在馆    
22 2001693034   2001693034   辽三/辽宁北配(第三批)/3818/ [索取号:S899.9/36=3] 在馆    
23 2001693035   2001693035   辽三/辽宁北配(第三批)/3818/ [索取号:S899.9/36=3] 在馆    
24 2001693036   2001693036   辽三/辽宁北配(第三批)/3818/ [索取号:S899.9/36=3] 在馆    
25 2001693037   2001693037   辽三/辽宁北配(第三批)/3818/ [索取号:S899.9/36=3] 在馆    
26 2001693038   2001693038   辽三/辽宁北配(第三批)/3818/ [索取号:S899.9/36=3] 在馆    
27 2001693039   2001693039   辽三/辽宁北配(第三批)/3818/ [索取号:S899.9/36=3] 在馆    
28 2001693040   2001693040   辽三/辽宁北配(第三批)/3818/ [索取号:S899.9/36=3] 在馆    
29 2001693041   2001693041   辽三/辽宁北配(第三批)/3818/ [索取号:S899.9/36=3] 在馆    
30 2001693042   2001693042   辽三/辽宁北配(第三批)/3818/ [索取号:S899.9/36=3] 在馆    
山东省滨州职业学院图书馆 欢迎您!
大连网信软件有限公司© 版权所有